<?xml version="1.0" encoding="UTF-8"?>
<marc:record xmlns:marc="http://www.loc.gov/MARC21/slim">
   <marc:leader>00000nam a2200000 a 4500</marc:leader>
   <marc:datafield ind1="1" ind2=" " tag="100">
      <marc:subfield code="a">Hund, Wulf D.</marc:subfield>
      <marc:subfield code="4">aut</marc:subfield>
      <marc:subfield code="e">Verfasser/-in</marc:subfield>
   </marc:datafield>
   <marc:datafield ind1=" " ind2=" " tag="653">
      <marc:subfield code="a">Geschichte</marc:subfield>
   </marc:datafield>
   <marc:datafield ind1=" " ind2=" " tag="653">
      <marc:subfield code="a">Rassismus</marc:subfield>
   </marc:datafield>
   <marc:datafield ind1=" " ind2=" " tag="653">
      <marc:subfield code="a">Antisemitismus</marc:subfield>
   </marc:datafield>
   <marc:datafield ind1=" " ind2=" " tag="653">
      <marc:subfield code="a">Rassentheorie</marc:subfield>
   </marc:datafield>
   <marc:datafield ind1=" " ind2=" " tag="653">
      <marc:subfield code="a">Diskriminierung</marc:subfield>
   </marc:datafield>
   <marc:datafield ind1=" " ind2=" " tag="653">
      <marc:subfield code="a">Kolonialismus</marc:subfield>
   </marc:datafield>
   <marc:datafield ind1=" " ind2=" " tag="653">
      <marc:subfield code="a">Antimesitismus</marc:subfield>
   </marc:datafield>
   <marc:datafield ind1=" " ind2=" " tag="653">
      <marc:subfield code="a">Zigeunerstereotyp</marc:subfield>
   </marc:datafield>
   <marc:datafield ind1=" " ind2=" " tag="653">
      <marc:subfield code="a">Fremdenfeindlichkeit</marc:subfield>
   </marc:datafield>
   <marc:datafield ind1=" " ind2=" " tag="653">
      <marc:subfield code="a">Ethnizität</marc:subfield>
   </marc:datafield>
   <marc:datafield ind1=" " ind2=" " tag="653">
      <marc:subfield code="a">Softcover / Soziologie/Politische Soziologie</marc:subfield>
   </marc:datafield>
   <marc:datafield ind1="0" ind2="0" tag="245">
      <marc:subfield code="a">Wie die Deutschen weiß wurden</marc:subfield>
   </marc:datafield>
   <marc:datafield ind1="0" ind2="0" tag="245">
      <marc:subfield code="b">kleine (Heimat)Geschichte des Rassismus : mit 10 farbigen Abbildungen</marc:subfield>
   </marc:datafield>
   <marc:datafield ind1="0" ind2="0" tag="245">
      <marc:subfield code="c">Wulf D. Hund</marc:subfield>
   </marc:datafield>
   <marc:datafield ind1=" " ind2="1" tag="264">
      <marc:subfield code="a">Stuttgart</marc:subfield>
      <marc:subfield code="b">J.B. Metzler Verlag</marc:subfield>
      <marc:subfield code="c">2017</marc:subfield>
   </marc:datafield>
   <marc:datafield ind1=" " ind2=" " tag="250">
      <marc:subfield code="a">1. Auflage</marc:subfield>
   </marc:datafield>
   <marc:datafield ind1="1" ind2=" " tag="520">
      <marc:subfield code="a">Angaben aus der Verlagsmeldung

Wie die Deutschen weiß wurden : Eine (Heimat)Geschichte des Rassismus / von Wulf D. Hund

Bei dieser „Kleinen (Heimat)Geschichte des Rassismus“ handelt es sich um das erste Buch überhaupt, dass die Entwicklung des Rassismus gezielt aus deutscher Perspektive beleuchtet. Der Herausbildung des an Hautfarben orientierten Rassismus wird dabei ebenso nachgegangen, wie dem Antisemitismus, Antiislamismus, Antislawismus, Antiziganismus und eugenischem Denken.

Erst im Verlauf des europäischen Kolonialismus entstanden Formen der Herabminderung, die mit bestimmten Hautfarben verknüpft waren. Sie mündeten schließlich in die von der Aufklärung entwickelte Rassentheorie, wobei deutsche Denker eine bedeutende Rolle spielten. Nach dem Zweiten Weltkrieg wurde das Rassedenken durch antikoloniale Bewegungen, Bürgerrechtskämpfe und schließlich durch Vernetzungen im Rahmen der Globalisierung zwar diskreditiert, die Entwicklung des Antisemitismus, der als Fremdenfeindlichkeit bezeichnete Rassismus gegen Migranten und schließlich der Antiislamismus zeigen jedoch, dass damit der Rassismus nicht am Ende ist, sondern sich wieder verstärkt jener kulturellen Elemente der Diskriminierung bedient, die er schon in seinen Anfängen benutzt hatte.
</marc:subfield>
   </marc:datafield>
   <marc:datafield ind1=" " ind2=" " tag="020">
      <marc:subfield code="a">9783476044990</marc:subfield>
      <marc:subfield code="9">9783476044990</marc:subfield>
   </marc:datafield>
   <marc:datafield ind1=" " ind2=" " tag="020">
      <marc:subfield code="a">3476044998</marc:subfield>
      <marc:subfield code="9">3476044998</marc:subfield>
   </marc:datafield>
   <marc:datafield ind1=" " ind2=" " tag="300">
      <marc:subfield code="a">212 Seiten</marc:subfield>
   </marc:datafield>
</marc:record>
